| 000 | 00949nam a22002657a 4500 | ||
|---|---|---|---|
| 999 |
_c15297 _d15297 |
||
| 003 | EG-ScBUE | ||
| 005 | 20210123113946.0 | ||
| 008 | 110516s2003 ua f 000 d ara d | ||
| 017 | _a2003/18986 | ||
| 020 | _a977081136X | ||
| 040 |
_aEG-ScBUE _bara _erda _cEG-ScBUE _dEG-ScBUE |
||
| 082 | 0 | 4 |
_a892.726 _bم ح م _222 |
| 100 | 1 |
_914859 _aمحمود، مصطفى، _d1921-2009، _eمؤلف. |
|
| 245 | 1 | 2 |
_aالشيطان يسكن في بيتنا / _cمصطفى محمود. |
| 264 | 1 |
_aالقاهرة : _bدار أخبار اليوم، _c2003. |
|
| 300 |
_a94 صفحة ؛ _c19 سم. |
||
| 336 |
_2rdacontent _aنص _btxt |
||
| 337 |
_2rdamedia _aبدون وسيط _bn |
||
| 338 |
_2rdacarrier _aمجلد _bnc |
||
| 490 | 0 | _aالأعمال الكاملة للدكتور مصطفى محمود | |
| 650 | 7 |
_98024 _aالمسرحيات العربية _zمصر. _2BUEsh |
|
| 653 |
_cMay2011 _bARALIT |
||
| 655 |
_vReading book _934232 |
||
| 942 |
_2ddc _cBB |
||